00666nam a22002172a 450000100060000000300080000600500170001400800410003103500190007204000270009104100110011808200210012910000420015024500930019226000390028530000210032450000200034565000280036565100360039370000190042923675BD-RjUL20211209000946.0140311s1949 enk 000 0 eng d a(BD-RjUL)23740 aDLCcDLCdBD-RjULbeng1 aengtur a920.7bGUA 19491 aGüntekin, Reşat Nuri,d1889-1956.14aThe autobiography of a Turkish girl /cTranslated from the Turkish by Sir Wyndham Deedes aLondon :bD. Allen & Unwin,c1949. a328 p. ;c23 cm aIncludes index. aSocial life and customs 0aTurkeyxSocial life and customs aWyndham Deedes